Europejskie zespoły muzyczne - Nagła śmierć - Statystyki

Ogólne statystyki
  • Ten quiz został rozwiązany 139 razy
  • Średni wynik to 6 z 16
Answers on the Grid
Answers color-coded by a green-red scale on the quiz's grid according to % correct below.
ABBA
Daft Punk
Twenty One Pilots
Perfect
The Killers
The Black Keys
Megadeth
Gorillaz
Men At Work
a-ha
Avicii
AC/DC
Scorpions
Van Halen
Ramones
Linkin Park
Motörhead
Foo Fighters
U2
Roxette
Blink-182
Alanis Morissette
Coldplay
Amy Winehouse
Depeche Mode
Aerosmith
Björk
Janis Joplin
KISS
Eric Clapton
My Chemical Romance
The Prodigy
 
Statystyki odpowiedzi
Odpowiedź % Poprawnych
ABBA
96%
Perfect
74%
a-ha
47%
Avicii
47%
Björk
47%
U2
47%
Scorpions
42%
Roxette
38%
Amy Winehouse
34%
Depeche Mode
34%
Daft Punk
33%
Coldplay
29%
Eric Clapton
16%
Gorillaz
14%
The Prodigy
14%
Motörhead
12%
Nie znaleziono quizów pasujących do podanych kryteriów
Rozkład punktacji
Procent ludzi z każdym wynikiem
Percentyl według liczby udzielonych odpowiedzi
Twoja historia wyników
Nie rozwiązałeś tego quizu